000 00919nam a2200277 a 4500
999 _c918
_d918
008 191108s1978 xxua|||g |||| 001 0 eng d
020 _a0070041237
040 _aKO
_beng
041 0 _aeng
044 _aii
082 0 4 _223
_a621
_bB3276
100 1 _aMarks, L. S.
245 1 0 _aMark's Standard Handbook for Mechanical Engineers /
_cL. S. Marks ; Edited by Theodore Baumeister, Eugene A. Avallone and Theodore Baumeister III
250 _a8th ed.
260 _aNew York :
_bMcGraw Hill Book Company,
_c1978
300 _aVarious pagination
_bill. ;
_c24 cm.
504 _aIncludes bibliographical references and index.
650 0 _aMechanical Engineering
_vTextbooks
650 0 _aMechanical engineering -- Handbooks, manuals, etc.
700 1 _aBaumeister, Theodore
_eedt
700 1 _aAvallone, Eugene A.
_eedt
700 1 _aBaumeister III, Theodore
_eedt
904 _aS_JOY
942 _cBK